Russia True or False? - Statistics

General Stats
  • This quiz has been taken 35,779 times
  • The average score is 11 of 15
Answer Stats
Question Answer % Correct
Russia is the world's largest country by area True
98%
Babushka is the Russian word for "old woman" or "grandmother" True
93%
Russian's spy agency is known as Mossad False
92%
Russia gave up its nuclear weapons in 1992 False
91%
St. Petersburg was formerly known as Leningrad True
90%
Russia borders the Caspian Sea True
86%
The AK-47 was invented in Russia True
83%
Russia has a population of tigers living in the wild True
82%
Polar bears can be found in Russia True
74%
Moscow has never been captured by a foreign power False
71%
Joseph Stalin won the Nobel Peace Prize False
69%
Anastasia, the youngest daughter of Tsar Nicholas II, died in Coral Gables, Florida in 1974 False
59%
There are parts of Russia where palm trees can thrive outside True
56%
Russia is banned from the World Trade Organization False
50%
In Novosibirsk, a popular spectator sport involves children riding atop Siberian Huskies False
33%
No matching quizzes found
Score Distribution
Percent of People with Each Score
Percentile by Number Answered
Your Score History
You have not taken this quiz